Revista jurídica argentina
Guardado en:
| Formato: | Seriadas |
|---|---|
| Idioma: | Spanish |
| Publicado: |
Buenos Aires :
La Ley,
1936
|
| Etiquetas: |
Agregar Etiqueta
Sin Etiquetas, Sea el primero en etiquetar este registro!
|
| LEADER | 00464nas a22001335a 4500 | ||
|---|---|---|---|
| 001 | DER.der001142 | ||
| 005 | 20160301000000.0 | ||
| 008 | 180615s1936####||||||||||||||||||||spa|| | ||
| 245 | 1 | 0 | |a Revista jurídica argentina |
| 260 | |a Buenos Aires : |b La Ley, |c 1936 | ||
| 859 | |a DERECHO |b BIB. DERECHO |h 348.046 |i REV |p 002393 | ||
| 859 | |a DERECHO |b BIB. DERECHO |h 348.046 |i REV |p 002394 | ||
| 859 | |a DERECHO |b BIB. DERECHO |h 348.046 |i REV |p 002395 | ||
| 859 | |a DERECHO |b BIB. DERECHO |h 348.046 |i REV |p 002396 | ||
